| 000 | 00841cam a22002653a 4500 | ||
|---|---|---|---|
| 001 | 10682 | ||
| 003 | PGUSA | ||
| 005 | 20140828083227.0 | ||
| 008 | 040101s2004||||xxu|||||s|||||000 1 eng d | ||
| 040 |
_aPGUSA _beng |
||
| 042 | _adc | ||
| 050 | 4 | _aPZ | |
| 100 | 1 |
_aReid, Mayne, _d1818-1883 |
|
| 245 | 1 | 0 |
_aLes chasseurs de chevelures _h[electronic resource] / _cMayne Reid |
| 260 |
_bProject Gutenberg, _c2004 |
||
| 506 | _aPublic domain in the USA. | ||
| 516 | _aElectronic text | ||
| 653 | _aFrontier and pioneer life -- New Mexico -- Juvenile fiction | ||
| 653 | _aNew Mexico -- Social life and customs -- 19th century -- Juvenile fiction | ||
| 700 | 1 |
_aBureau, Allyre, _d1810-1859 |
|
| 740 | 0 | _aThe scalp hunters. French | |
| 830 | 0 |
_aProject Gutenberg _v10682 |
|
| 856 | 4 | 0 | _uhttp://www.gutenberg.org/ebooks/10682 |
| 942 | _cEB | ||
| 999 |
_c239937 _d239937 |
||